000 00929nas a2200301 4500
001 BR2010000606
003 BR-BrBNA
005 20231205113856.0
007 ta
008 230509b bl.|||p| |||| 00| 00por d
040 _aBR-BrBNA
_bpor
_cBiblioteca Nacional de Agricultura
041 _a(Pt)
072 _aL70
100 1 _aSilva, L.A.F. da
100 1 _aRibeiro, R.E.
100 1 _aGodoy, R.F. de
100 1 _aSilva, O.C. da
100 1 _aFranco, L.G.
100 1 _aCoelho, C.M.M.
100 1 _aCardoso, L.L.
245 1 _aEstudo retrospectivo de fimose traumática em equinos e tratamento utilizando a técnica de circuncisão com encurtamento de pênis (1982-2007)
650 _aCAVALO
650 _aFIMOSE
650 _aCIRURGIA
773 0 _tCiência Rural (Brazil)
_xISSN 0103-8478
_g(Jan 2010), v. 40(1) p. 123-129
_wBR2010000606
909 _a202311
_bLúcia
_c55
_dLúcia Elande
942 _2AGRIS
_n0
_cANA
999 _c206069
_d206069